000 00253nam a2200097Ia 4500
001 1220652
005 20250827092814.0
008 250824s9999 xx 000 0 und d
245 0 _aİKİNCİ LEKENİN ESRARI
_cSHERLOCK HOLMES
260 _bMARTI YAYINCILIK
999 _c1220652
_d1220652